| 000 | 01333nam0a2200277 4500 | ||
|---|---|---|---|
| 001 | RU\NLR\bibl\1410194 | ||
| 005 | 20250615211207.0 | ||
| 035 | _a(NLR Aleph) 001402177 | ||
| 090 |
_a1229388 _c1229388 |
||
| 100 | _a20090910d2009 |||y0rusy50 ca | ||
| 101 | 0 | _arus | |
| 102 | _aRU | ||
| 105 | _aa ||||||||| | ||
| 200 | 1 |
_aЭлементы физики "плаща-невидимки" _eучебное пособие _fА.Е. Дубинов, Л.А. Мытарева _gФедер. гос. образоват. учреждение высш. проф. образования "Сар. гос. физ.-техн. ин-т" (ФГОУ ВПО "СарФТИ") |
|
| 210 |
_aСаров _cСарФТИ _d2009 |
||
| 215 |
_a121 с. _cил., цв. ил. _d20 |
||
| 320 | _aБиблиогр.: с. 111-120 (110 назв.) | ||
| 606 | 1 |
_aМалозаметная военная техника _jУчебные издания _xПроектирование _xИспользование Stealth-технологии _92519518 _3RU\NLR\auth\661493099 |
|
| 686 | _aЦ9-2я7 | ||
| 700 | 1 |
_aДубинов _bА. Е. _gАлександр Евгеньевич _4070 |
|
| 701 | 1 |
_aМытарева _bЛ. А. _gЛюбовь Алексеевна _4070 |
|
| 801 | 0 |
_aRU _bNLR _c20090910 _gRCR |
|
| 801 | 1 |
_aRU _bNLR _c20090910 |
|
| 942 | _cBOOK | ||
| 980 | _aNB | ||